| 000 | 01820nam0a2200277 4500 | ||
|---|---|---|---|
| 001 | RU\NLR\bibl\314196 | ||
| 005 | 20260407081015.0 | ||
| 035 | _a(NLR Aleph) 000309295 | ||
| 090 |
_a29950 _c29950 |
||
| 100 | _a20021003d1998 |||y0rusy50 ca | ||
| 101 | 0 | _arus | |
| 102 | _aRU | ||
| 105 | _ay ||||||||| | ||
| 200 | 1 |
_aМетод аутотрансплантации фрагмента большого сальника на головной мозг с целью компенсации нарушения мозгового кровообращения _eМетод. рекомендации N 98/133 _fМ-во здравоохранения Рос. Федерации, [Рос. н.-и. нейрохирург. ин-т им. проф. А.Л. Поленова _gПодгот. засл. деят. науки РФ, проф., д.м.н. Г.С. Тиглиевым и др.] |
|
| 210 |
_aСПб. _cПрограмма _d1998 |
||
| 215 |
_a8 с. _d21 _e[1] отд. л. прил. |
||
| 606 | 0 |
_aСальник _xАутопластическая пересадка при расстройствах кровообращения головного мозга _92262009 _3RU\NLR\auth\661356210 |
|
| 606 | 0 |
_aГоловной мозг _xКровообращение _xРасстройства _xХирургическое лечение _91458839 _3RU\NLR\auth\66309128 |
|
| 686 | _aР636.770.3-599.9я8 | ||
| 702 | 1 |
_aТиглиев _bГ. С. _gГеоргий Самуилович _4220 |
|
| 712 | 0 | 2 |
_4570 _aРоссийский научно-исследовательский нейрохирургический институт им. А. Л. Поленова _cСанкт-Петербург _9285544 _3RU\NLR\AUTH\886806 |
| 801 | 0 |
_aRU _bNLR _c20021003 _gPSBO |
|
| 801 | 1 |
_aRU _bNLR _c20021003 |
|
| 942 | _cBOOK | ||
| 980 | _aNB | ||